000
00216nam a22000857a 4500
008
160817b xxu||||| |||| 00| 0 eng d
100
_9
159
_a
Helen Keller
245
_a
The Story of my life
260
_a
Agra
_b
Oswal Book
_c
2015
999
_c
2817
_d
2817